000 00472nam a22001577a 4500
008 160123b xxu||||| |||| 00| 0 eng d
020 _a9780078881053
082 _22012
_aDK12 500
_bIn61
245 _aIntegrated science.
250 _aTeacher edition,
_bvolume 1.
260 _aColumbus, OH :
_bMcGraw Hill,
_cc2012.
300 _axxi, [512 pages] :
_bcolored illustration ;
_c30 cm.
500 _aIncludes index and glossary.
650 0 _91919
_aScience
942 _2ddc
_cBK
999 _c727
_d727